| 000 | 00877cam a2200265 a 4500 | ||
|---|---|---|---|
| 001 | 2859468 | ||
| 005 | 20190504020020.0 | ||
| 008 | 850419s1986 paua b 001 0 eng | ||
| 010 | _a 85010747 | ||
| 020 | _a0030045347 | ||
| 040 |
_aDLC _cDLC _dDLC |
||
| 050 | 0 | 0 |
_aQC23 _b.S458 1986 |
| 082 | 0 | 0 |
_a530 _219 |
| 100 | 1 | _aSerway, Raymond A. | |
| 245 | 1 | 0 |
_aPhysics for scientists & engineers / _cRaymond A. Serway. |
| 250 | _a2nd ed. | ||
| 260 |
_aPhiladelphia : _bSaunders College Pub., _cc1986. |
||
| 300 |
_axxvi, 942, 42, 10 p. : _bill. (some col.) ; _c26 cm. |
||
| 490 | 0 | _aSaunders golden sunburst series | |
| 504 | _aIncludes bibliographical references and index. | ||
| 650 | 0 | _aPhysics. | |
| 740 | 0 | _aPhysics for scientists and engineers. | |
| 906 |
_a7 _bcbc _corignew _d1 _eocip _f19 _gy-gencatlg |
||
| 942 |
_2lcc _cBOOKS _hQC 23 .S458 1985 _016 |
||
| 999 |
_c11959 _d11959 |
||